000 00262nam a22001217a 4500
008 170313b xxu||||| |||| 00| 0 eng d
041 _aeng
080 _a591
100 _a7
101 _aSHM
245 _aDESMOND MORRIS ANIMAL GAYS
_cMORROW.W
942 _2udc
_cBK
999 _c7665
_d7665